The Book of the Dead of Bakenwerel : (pHavana [MNBA Cuba 94-47] / pHood B) /
Main Author:
Format: Book
Language: English
Published:
Wiesbaden :
Harrassowitz Verlag,
2021.
Series:
Handschriften des Altägyptischen Totenbuches ;
15.
HAT ;
15.
Subjects:
Tags: Add Tag
Call Number: ( F )PJ1555.1 .H27 v.15
| LEADER | 01051nam a22003137a 4500 | ||
|---|---|---|---|
| 003 | OSt | ||
| 005 | 20260504084427.0 | ||
| 008 | 260121t20212021gw af b 000 0 eng d | ||
| 020 | |a 3447117540 |q paperback | ||
| 020 | |a 9783447117548 |q paperback | ||
| 035 | |a (OCoLC)1306173032 |z (OCoLC)1306201810 | ||
| 040 | |c ARCE Library | ||
| 043 | |a f-ua--- | ||
| 050 | 4 | |a ( F )PJ1555.1 .H27 v.15 | |
| 100 | 1 | |a Rodríguez López, Ivan, |e author | |
| 245 | 1 | 4 | |a The Book of the Dead of Bakenwerel : |b (pHavana [MNBA Cuba 94-47] / pHood B) / |c Ivan Rodríguez López. |
| 264 | 1 | |a Wiesbaden : |b Harrassowitz Verlag, |c 2021. | |
| 264 | 4 | |c ©2021. | |
| 300 | |a 54 pages, 10, 4 pages of plates : |b illustrations (some color) ; |c 30 cm. | ||
| 490 | 0 | |a Handschriften des Altägyptischen Totenbuches ; |v 15. | |
| 490 | 0 | |a HAT ; |v 15. | |
| 504 | |a Includes bibliographical references. | ||
| 630 | 0 | 0 | |a Book of the dead. |
| 650 | 0 | |a Incantations, Egyptian. | |
| 650 | 0 | |a Future life. | |
| 651 | 0 | |a Egypt |x Religion. | |
| 901 | |a reviewed | ||
| 942 | |2 lcc |c BK | ||
| 999 | |c 61812 |d 61812 | ||
